Que cosas dice mi Abuela! : (Record no. 19333)

MARC details
000 -LEADER
fixed length control field 01938cam a2200541Ia 4500
001 - CONTROL NUMBER
control field sjds1084340
003 - CONTROL NUMBER IDENTIFIER
control field sjds
005 - DATE AND TIME OF LATEST TRANSACTION
control field 20240506172243.0
008 - FIXED-LENGTH DATA ELEMENTS--GENERAL INFORMATION
fixed length control field 111026t20112011nyua j 000 1 spa d
020 ## - INTERNATIONAL STANDARD BOOK NUMBER
International Standard Book Number 9780545328630 (pbk.)
020 ## - INTERNATIONAL STANDARD BOOK NUMBER
International Standard Book Number 0545328632 (pbk.)
020 ## - INTERNATIONAL STANDARD BOOK NUMBER
International Standard Book Number 9780545328630
Terms of availability $3.99
020 ## - INTERNATIONAL STANDARD BOOK NUMBER
International Standard Book Number 0545328632
Terms of availability $3.99
020 ## - INTERNATIONAL STANDARD BOOK NUMBER
International Standard Book Number 0545328632 ;
Terms of availability 3.99
020 ## - INTERNATIONAL STANDARD BOOK NUMBER
International Standard Book Number 9780545328630
035 ## - SYSTEM CONTROL NUMBER
System control number 523295
035 ## - SYSTEM CONTROL NUMBER
System control number (OCoLC)758654299
035 ## - SYSTEM CONTROL NUMBER
Canceled/invalid control number (OCoLC)820783256
035 ## - SYSTEM CONTROL NUMBER
System control number 523295
040 ## - CATALOGING SOURCE
Original cataloging agency KKV
Transcribing agency KKV
Modifying agency IAD
-- ZGH
-- BTCTA
-- IFA
-- UtOrBLW
041 ## - LANGUAGE CODE
Language code of text/sound track or separate title spa
049 ## - LOCAL HOLDINGS (OCLC)
Holding library IFAA
099 ## - LOCAL FREE-TEXT CALL NUMBER (OCLC)
Filing suffix 2011
100 1# - MAIN ENTRY--PERSONAL NAME
Personal name Galan, Ana,
Relator term author.
245 10 - TITLE STATEMENT
Title Que cosas dice mi Abuela! :
Remainder of title dichos y refranes sobre los buenos modales /
Statement of responsibility, etc. Ana Galan ; ilustrado por Pablo Pino.
260 ## - PUBLICATION, DISTRIBUTION, ETC. (IMPRINT)
Place of publication, distribution, etc. New York :
Name of publisher, distributor, etc. Scholastic,
Date of publication, distribution, etc. c2011
264 #1 - PRODUCTION, PUBLICATION, DISTRIBUTION, MANUFACTURE, AND COPYRIGHT NOTICE
Place of production, publication, distribution, manufacture New York :
Name of producer, publisher, distributor, manufacturer Scholastic,
Date of production, publication, distribution, manufacture, or copyright notice [2011]
264 #4 - PRODUCTION, PUBLICATION, DISTRIBUTION, MANUFACTURE, AND COPYRIGHT NOTICE
Date of production, publication, distribution, manufacture, or copyright notice c2011
300 ## - PHYSICAL DESCRIPTION
Extent 1 volume (unpaged) :
Other physical details color illustrations ;
Dimensions 20 cm
336 ## - CONTENT TYPE
Content type term text
Content type code txt
Source rdacontent
337 ## - MEDIA TYPE
Media type term unmediated
Media type code n
Source rdamedia
338 ## - CARRIER TYPE
Carrier type term volume
Carrier type code nc
Source rdacarrier
520 ## - SUMMARY, ETC.
Summary, etc. My Grandma Grace always had a 'saying' for everything. This book is to document the things she said, and to remind us of those things that made us think and laugh when we were growing up.
526 0# - STUDY PROGRAM INFORMATION NOTE
Program name Accelerated Reader
Interest level LG
Reading level 2.9
Title point value 0.5
Public note 156459SP
650 #0 - SUBJECT ADDED ENTRY--TOPICAL TERM
Topical term or geographic name as entry element Maxims
Form subdivision Juvenile fiction.
650 #0 - SUBJECT ADDED ENTRY--TOPICAL TERM
Topical term or geographic name as entry element Quotations
Form subdivision Juvenile fiction.
650 #0 - SUBJECT ADDED ENTRY--TOPICAL TERM
Topical term or geographic name as entry element Etiquette
Form subdivision Juvenile fiction.
650 #0 - SUBJECT ADDED ENTRY--TOPICAL TERM
Topical term or geographic name as entry element Manners and customs
Form subdivision Juvenile fiction.
650 #0 - SUBJECT ADDED ENTRY--TOPICAL TERM
Topical term or geographic name as entry element Wit and humor
Form subdivision Juvenile fiction.
650 #7 - SUBJECT ADDED ENTRY--TOPICAL TERM
Topical term or geographic name as entry element Máximas
Form subdivision Novela juvenil.
Source of heading or term bidex
650 #7 - SUBJECT ADDED ENTRY--TOPICAL TERM
Topical term or geographic name as entry element Citas
Form subdivision Novela juvenil.
Source of heading or term bidex
650 #7 - SUBJECT ADDED ENTRY--TOPICAL TERM
Topical term or geographic name as entry element Etiqueta
Form subdivision Novela juvenil.
Source of heading or term bidex
650 #7 - SUBJECT ADDED ENTRY--TOPICAL TERM
Topical term or geographic name as entry element Usos y costumbres
Form subdivision Novela juvenil.
Source of heading or term bidex
650 #7 - SUBJECT ADDED ENTRY--TOPICAL TERM
Topical term or geographic name as entry element Humorismo
Form subdivision Novela juvenil.
Source of heading or term bidex
655 #7 - INDEX TERM--GENRE/FORM
Genre/form data or focus term Spanish language materials.
Source of term local
700 1# - ADDED ENTRY--PERSONAL NAME
Personal name Pino, Pablo.
942 ## - ADDED ENTRY ELEMENTS (KOHA)
Koha item type Libro/Book
Source of classification or shelving scheme Dewey Decimal Classification
Holdings
Withdrawn status Lost status Damaged status Not for loan Home library Current library Date acquired Total Checkouts Barcode Date last seen Date checked out Price effective from Koha item type Inventory number Full call number
        Barbudos -- Satellite Barbudos -- Satellite 08/01/2019   35800929 16/02/2022   08/01/2019 Libro/Book Inventory date: 7/7/25  
        La Puerta Biblioteca -- Satellite La Puerta Biblioteca -- Satellite 09/04/2018 2 40302106 17/01/2026 30/03/2023 09/04/2018 Libro/Book    
        San Juan Del Sur -- Mobile San Juan Del Sur -- Mobile 30/04/2024 1 33014427 07/11/2024 11/06/2024 30/04/2024 Libro/Book   JI
        San Juan Del Sur -- Mobile San Juan Del Sur -- Mobile 02/06/2024   33014932 02/06/2024   02/06/2024 Libro/Book   JI
        San Juan Del Sur -- Mobile San Juan Del Sur -- Mobile 17/03/2025   30030766 17/03/2025   17/03/2025 Libro/Book Inventory date: 13-3-25 JI

Powered by Koha